Nghiên cứu ảnh hưởng của giá trị thương hiệu đến quyết định lựa chọn thương hiệu kem đánh răng P/S tại địa bàn thành phố Cần Thơ : Luận văn Thạc sĩ Kinh tế. Chuyên ngành Quản trị kinh doanh
Phân tích thực trạng tiêu dùng kem đánh răng P/S, xác định các yếu tố của giá trị thương hiệu ảnh hưởng đến quyết định lựa chọn thương hiệu kem đánh răng P/S của người tiêu dùng thành phố Cần Thơ....
Αποθηκεύτηκε σε:
| Κύριος συγγραφέας: | |
|---|---|
| Μορφή: | Βιβλίο |
| Γλώσσα: | Undetermined |
| Έκδοση: |
Cần Thơ
Trường Đại học Cần Thơ
2017
|
| Θέματα: | |
| Ετικέτες: |
Προσθήκη ετικέτας
Δεν υπάρχουν, Καταχωρήστε ετικέτα πρώτοι!
|
| Thư viện lưu trữ: | Trung tâm Học liệu Trường Đại học Cần Thơ |
|---|
| LEADER | 01205nam a2200193Ia 4500 | ||
|---|---|---|---|
| 001 | CTU_225033 | ||
| 008 | 210402s9999 xx 000 0 und d | ||
| 082 | |a 658.827 | ||
| 082 | |b Tr106 | ||
| 100 | |a Trần, Hồng Trang | ||
| 245 | 0 | |a Nghiên cứu ảnh hưởng của giá trị thương hiệu đến quyết định lựa chọn thương hiệu kem đánh răng P/S tại địa bàn thành phố Cần Thơ : | |
| 245 | 0 | |b Luận văn Thạc sĩ Kinh tế. Chuyên ngành Quản trị kinh doanh | |
| 245 | 0 | |c Trần Hồng Trang ; Lê Nguyễn Đoan Khôi (Cán bộ hướng dẫn) | |
| 260 | |a Cần Thơ | ||
| 260 | |b Trường Đại học Cần Thơ | ||
| 260 | |c 2017 | ||
| 520 | |a Phân tích thực trạng tiêu dùng kem đánh răng P/S, xác định các yếu tố của giá trị thương hiệu ảnh hưởng đến quyết định lựa chọn thương hiệu kem đánh răng P/S của người tiêu dùng thành phố Cần Thơ. | ||
| 650 | |a Thương hiệu (Tiếp thị),Branding (Marketing) | ||
| 980 | |a Trung tâm Học liệu Trường Đại học Cần Thơ | ||